José y sus hermanos

Guardat en:
Dades bibliogràfiques
Autor principal: Mann, Thomas (autor)
Format: Llibre
Idioma:espanyol
Publicat: Santiago Ercilla 1945
Edició:4a. ed
Col·lecció:Cóndor
Matèries:
Etiquetes: Afegir etiqueta
Sense etiquetes, Sigues el primer a etiquetar aquest registre!

MARC

LEADER 00000nam a2200000 a 4500
001 UCO8509
003 CL-VaPUC
008 001207e19450000CL |||||||||||||||||spa|d
082 0 4 |a 833  |b MAN  |2 21 
100 |a Mann, Thomas  |e autor  |9 338731 
245 1 0 |a José y sus hermanos 
250 |a 4a. ed 
300 |a v 
942 |c BK 
945 |d 20001207 00:00:00  |a lriquelm 
260 |a Santiago  |b Ercilla  |c 1945 
500 |a Donación del Sr. Antonio Estévez Arrué 
500 |a v.1: Las historias de Jacob 
500 |a v.2: El joven Josè 
500 |a v.3: Jose en Egipto 
500 |a v.4: Josè el proveedor 
650 0 |a Novelas alemanas   |9 265783 
650 0 |a Literatura alemana   |9 265457 
583 |a last modification  |c 20001207 00:00:00  |k Rodrigo Vera 
490 0 |a Cóndor 
999 |c 293124  |d 293122 
952 |0 0  |1 0  |2 ddc  |4 0  |6 833_000000000000000_MAN_1945  |7 0  |8 P  |9 344360  |a BIBARQ  |b BIBARQ  |d 2019-11-20  |h v.1  |i 1232525  |o 833 MAN 1945  |p 1232525  |r 2025-01-20  |w 2019-11-20  |y BK  |k ARQ